000 00861nam a22002897a 4500
003 CHAP
005 20220329140918.0
008 971013s1994 r 00010 d
010 _a59694
011 _a60666
035 _a64828
040 _cCHAP
082 _a347.7
_bP5 1994
100 0 0 _aPina Vara, Rafael de.
_988123
245 _aElementos de derecho mercantil mexicano
250 _a24 ed. act.
260 _aMéxico, D.F. :
_bPorrúa,
_c1994
300 _a535 p.
590 _aBATCH-UPD
_b10
_c20130110
_lUCH01
_h0156
590 _aBATCH-UPD
_b10
_c20130410
_lUCH01
_h1613
590 _aBATCH-UPD
_b10
_c20130914
_lUCH01
_h1143
590 _aCONVERSION
_b10
_c20130109
_lUCH01
_h1332
650 1 4 _aDerecho mercantil
_xMéxico.
_931897
901 _aBK
942 _cLIBRO
949 _a347.7 P5 1994
_bBC
_cLIBRO
_d33724000083556
_eLIBRO
_h90201
_i64828
_mD
_si
999 _c59694
_d59694